LEADER 04339nam 2200685 450 001 9910827962403321 005 20210429194645.0 010 $a0-231-15317-1 010 $a0-231-52675-X 024 7 $a10.7312/eldr15316 035 $a(CKB)2670000000591498 035 $a(OCoLC)905917338 035 $a(CaPaEBR)ebrary11024408 035 $a(SSID)ssj0001421071 035 $a(PQKBManifestationID)12625100 035 $a(PQKBTitleCode)TC0001421071 035 $a(PQKBWorkID)11422957 035 $a(PQKB)10374195 035 $a(StDuBDS)EDZ0001133088 035 $a(MiAaPQ)EBC1912257 035 $a(DE-B1597)458314 035 $a(OCoLC)979742371 035 $a(DE-B1597)9780231526753 035 $a(Au-PeEL)EBL1912257 035 $a(CaPaEBR)ebr11024408 035 $a(CaONFJC)MIL709029 035 $a(OCoLC)902419276 035 $a(EXLCZ)992670000000591498 100 $a20150306h20152015 uy 0 101 0 $aeng 135 $aur||||||||||| 181 $ctxt 182 $cc 183 $acr 200 10$aEternal ephemera $eadaptation and the Origin of species, from the nineteenth century, through punctuated equilibria and beyond /$fNiles Eldredge ; cover designer, Lisa Hamm 210 1$aNew York, [New York] :$cColumbia University Press,$d2015. 210 4$d©2015 215 $a1 online resource (399 p.) 300 $aBibliographic Level Mode of Issuance: Monograph 311 0 $a1-322-77747-0 311 0 $a0-231-15316-3 320 $aIncludes bibliographical references and index. 327 $tFront matter --$tCONTENTS --$tPreface --$tAcknowledgments --$tINTRODUCTION --$tI. Birth of Modern Evolutionary Theory --$t1. The Advent of the Modern Fauna --$t2. Darwin and the Beagle --$t3. Enter Adaptation and the Conflict Between Isolation and Gradual Adaptive Change, 1836-1859 --$tPart II. Rebellion and Reinvention: The Taxic Perspective, 1935- --$t4. Species and Speciation Reconsidered, 1935- --$t5. Punctuated Equilibria --$t6. Speciation and Adaptation --$tNotes --$tBibliography --$tIndex 330 $aAll organisms and species are transitory, yet life endures. The origin, extinction, and evolution of species-interconnected in the web of life as "eternal ephemera"-are the concern of evolutionary biology. In this riveting work, renowned paleontologist Niles Eldredge follows leading thinkers as they have wrestled for more than two hundred years with the eternal skein of life composed of ephemeral beings, revitalizing evolutionary science with their own, more resilient findings. Eldredge begins in France with the naturalist Jean-Baptiste Lamarck, who in 1801 first framed the overarching question about the emergence of new species. The Italian geologist Giambattista Brocchi followed, bringing in geology and paleontology to expand the question. In 1825, at the University of Edinburgh, Robert Grant and Robert Jameson introduced the astounding ideas formulated by Lamarck and Brocchi to a young medical student named Charles Darwin. Who can doubt that Darwin left for his voyage on the Beagle in 1831 filled with thoughts about these daring new explanations for the "transmutation" of species. Eldredge revisits Darwin's early insights into evolution in South America and his later synthesis of knowledge into a theory of the origin of species. He then considers the ideas of more recent evolutionary thinkers, such as George Gaylord Simpson, Ernst Mayr, and Theodosius Dobzhansky, as well as the young and brash Niles Eldredge and Steven Jay Gould, who set science afire with their concept of punctuated equilibria. Filled with insights into evolutionary biology and told with a rich affection for the scientific arena, this book celebrates the organic, vital relationship between scientific thinking and its subjects. 606 $aPunctuated equilibrium (Evolution) 606 $aEvolution (Biology)$xPhilosophy 606 $aEmergence (Philosophy) 615 0$aPunctuated equilibrium (Evolution) 615 0$aEvolution (Biology)$xPhilosophy. 615 0$aEmergence (Philosophy) 676 $a576.8/2 700 $aEldredge$b Niles$035208 702 $aHamm$b Lisa 801 0$bMiAaPQ 801 1$bMiAaPQ 801 2$bMiAaPQ 906 $aBOOK 912 $a9910827962403321 996 $aEternal ephemera$94038090 997 $aUNINA LEADER 02722nas 2200541 n 450 001 990008882910403321 005 20240229084618.0 011 $a0001-3218 035 $a000888291 035 $aFED01000888291 035 $a(Aleph)000888291FED01 035 $a000888291 091 $2CNR$aP 00000006 100 $a20090724a19629999km-y0itaa50------ba 101 0 $aita 102 $aIT 110 $aauu-------- 200 1 $aAbitare 207 1$a1962- 210 $aMilano$cEditrice Segesta 326 $aMensile 421 0$1001000900736$12001$aMettiamo su casa insieme 421 0$12001$aProdurre per Abitare 430 0$12001$aCasa novitą 530 0 $aAbitare 675 $a72 675 $a643 676 $a747 801 0$aIT$bACNP$c20090723 859 4 $uhttp://acnp.cib.unibo.it/cgi-ser/start/it/cnr/dc-p1.tcl?catno=4&person=false&language=ITALIANO&libr=&libr_th=unina1$zBiblioteche che possiedono il periodico 901 $aSE 912 $a990008882910403321 958 $aBiblioteca. Dipartimento di Configurazione ed Attuazione dell'Architettura dell'Universitą Federico II$b1979-1989;1990-1998;2000-2004;$c1979;1992-2004;$ePER.I B-C$fDCATA 958 $aBiblioteca Interdipartimentale "Marcello Canino" dell'Universitą "Federico II"$b1964-1972;1976-1978;1992-$c1964;1967-1968;1970-1971;1976-1978;2000-2001;2005;$fDARPU 958 $aBiblioteca del dipartimento di Ingeneria Edile dell'Universitą.$b1975-1981;1983-$c1981;1984-1986;$fDINED 958 $aBiblioteca di Area Architettura$b1966-2013;$c1966;1988-1989;1991-1992;1996;2000;2002-2003;2006;2008;$ePER. 1$fFARBC 959 $aDCATA 959 $aDARPU 959 $aFARBC 959 $aDINED 959 $aFARBC 996 $aAbitare$9103207 997 $aUNINA AP1 8 $6866-01$aNA077 Biblioteca. Dipartimento di Configurazione ed Attuazione dell'Architettura dell'Universitą Federico II$bPER.I B-C$ev. Tarsia,31, 80135 Napoli (NA)$m(081) 2538418$m(081) 2538406$nit AP1 8 $6866-02$aNA080 Biblioteca Interdipartimentale "Marcello Canino" dell'Universitą "Federico II"$evia Forno Vecchio 36, 80134 Napoli (NA)$m0812538758$m0812538717$nit AP1 8 $6866-03$aNA088 Biblioteca Centralizzata. Facoltą di Architettura dell'Universitą Federico II$b1 - VI - 2$eVia Monteoliveto,3. Palazzo Gravina, 80134 Napoli (NA)$m0812538081$m0812538023$nit AP1 8 $6866-04$aNA107 Biblioteca del dipartimento di Ingeneria Edile dell'Universitą.$ep.le Tecchio,80, Napoli (NA)$m(081) 7682129; fax 7682134$nit AP2 40$aacnp.cib.unibo.it$nACNP Italian Union Catalogue of Serials$uhttp://acnp.cib.unibo.it/cgi-ser/start/it/cnr/df-p.tcl?catno=4&language=ITALIANO&libr=&person=&B=1&libr_th=unina&proposto=NO LEADER 05403nam 2200649Ia 450 001 9911006847603321 005 20250913221406.0 010 $a1-281-03441-X 010 $a9786611034412 010 $a0-08-050540-6 035 $a(CKB)111056552533174 035 $a(EBL)313625 035 $a(OCoLC)476102834 035 $a(SSID)ssj0000071804 035 $a(PQKBManifestationID)11107179 035 $a(PQKBTitleCode)TC0000071804 035 $a(PQKBWorkID)10111430 035 $a(PQKB)10199733 035 $a(MiAaPQ)EBC313625 035 $a(ODN)ODN0000608035 035 $a(EXLCZ)99111056552533174 100 $a19970425d1997 uy 0 101 0 $aeng 135 $aur|n|---||||| 181 $ctxt 182 $cc 183 $acr 200 10$aElectrostatic hazards /$fGunter Luttgens and Norman Wilson 210 $aOxford ;$aBoston $cButterworth Heinemann$d1997 215 $a1 online resource (179 p.) 300 $aDescription based upon print version of record. 311 08$a0-7506-2782-4 320 $aIncludes bibliographical references and index. 327 $aFront Cover; Electrostatic Hazards; Copyright Page; Contents; Foreword; Acknowledgements; Chapter 1. Danger of fire and explosion; 1.1 Basic considerations; 1.2 Conditions for ignition; 1.3 Minimum ignition energy; 1.4 Literature; Chapter 2. Origin of static electricity; 2.1 Double layer charge; 2.2 Charging of liquids and gases; 2.3 Reducing the tendency of charging; 2.4 Electrostatic induction; 2.5 Basic concepts and units; 2.6 Static charges on the clothing and the body; 2.7 Literature; Chapter 3. Electrostatic discharges as sources of ignition; 3.1 Definitions 327 $a3.2 Mechanisms of gas discharges3.3 Types of gas discharge; 3.4 Incendivity of gas discharges; 3.5 Traces left by gas discharges; 3.6 Literature; Chapter 4. Principles of safety; Chapter 5. Case histories related to brush discharges; 5.1 Ignition in a heated tank containing diphenyl; 5.2 Pouring flaked product into an agitator vessel; 5.3 Filling pipe blocked with sulphur leading to the ignition of methanol; 5.4 PE liner slipping out of a paper bag; 5.5 Ignition caused by an antistatic PE bag; 5.6 Impregnation of a glass fibre fabric; 5.7 Shaking fine dust out of a PE bag 327 $a5.8 Ion exchanger resin in toluene5.9 Pumping polluted toluene; Chapter 6.Case histories related to cone or bulking discharges; 6.1 Plastic foam released from an autoclave; 6.2 Dust explosion in a silo; Chapter 7. Case histories related to propagating brush discharges; 7.1 Plastic tube used in the pneumatic conveying of powder; 7.2 Plastic pipe used in the pneumatic conveying of powder; 7.3 Plastic injector in a jet mill; 7.4 PE liner in a metal drum; 7.5 PE liner in a paper drum; 7.6 Polymethylmethacrylate (PMMA) window pane in the silo of a granulating plant; 7.7 PP coated expansion pipe 327 $a7.8 Plastic tank inside a metal mould7.9 Literature; Chapter 8. Case histories related to spark discharges; 8.1 Dusts; 8.2 Rotating beater dryer (1); 8.3 Explosion of a resin powder in a metal drum; 8.4 Dust removal from tablets; 8.5 Filter bag with a supporting framework; 8.6 Filter fabric containing interwoven steel fibres; 8.7 Explosion when emptying a metal drum; 8.8 Filter fabric made partially conducting by a flame- proofing agent; 8.9 Emptying a tumble dryer; 8.10 Cyclone separator set up on a drum; 8.11 Fire caused by an antistatic PE bag; 8.12 Pouring powder into an agitator vessel 327 $a8.13 Hybrid mixtures8.14 Grinding solvent-wet plastic; 8.15 Rotating beater dryer (2); 8.16 Shovelling solvent-wet powder; 8.17 Liquids; 8.18 Emptying a drum via a glass pipe; 8.19 Funnel with a Mucon outlet; 8.20 Metal valve in a glass apparatus; 8.21 Spark discharge from an isolated metal flange; 8.22 Rubber hose with a supporting helix; 8.23 Isolated steel spacer in a metal pipe; 8.24 Filling a metal drum on mobile scales; 8.25 Slicing solvent-wet plastic; 8.26 Application of rubber adhesive; 8.27 Valve with a corroded PTFE coating; 8.28 Fire during a coating process 327 $a8.29 Polyvinyl chloride (PVC) hose partially wetted with water 330 $aIn the US, UK and Europe there is in excess of one notifiable dust or electrostatic explosion every day of the year. This clearly makes the hazards associated with the handling of materials subject to either cause or react to electrostatic discharge of vital importance to anyone associated with their handling or industrial bulk use. This book provides a comprehensive guide to the dangers of static electricity and how to avoid them. It will prove invaluable to safety managers and professionals, as well as all personnel involved in the activities concerned, in the chemical, agricultural, pharmac 606 $aIndustrial buildings$xFires and fire prevention 606 $aElectrostatics 606 $aIndustrial accidents$vCase studies 615 0$aIndustrial buildings$xFires and fire prevention. 615 0$aElectrostatics. 615 0$aIndustrial accidents 676 $a628.9/2 686 $aSCI022000$aTEC017000$2bisacsh 700 $aLu?ttgens$b Gu?nter$01607179 701 $aWilson$b Norman$cDr.$01825226 801 0$bMiAaPQ 801 1$bMiAaPQ 801 2$bMiAaPQ 906 $aBOOK 912 $a9911006847603321 996 $aElectrostatic hazards$94392742 997 $aUNINA